INFLA-Bucherei ; 3. Danzig : Die Schragdrucke und ihre Falschungen (Record no. 1911)

000 -LEADER
fixed length control field 00509nam a22000977a 4500
008 - FIXED-LENGTH DATA ELEMENTS--GENERAL INFORMATION
fixed length control field 160418b xxu||||| |||| 00| 0 eng d
100 ## - MAIN ENTRY--AUTHOR'S NAME
Author's Name Schuler, Gerhard
245 ## - TITLE STATEMENT
Title INFLA-Bucherei ; 3. Danzig : Die Schragdrucke und ihre Falschungen
Remainder of title Danzig Forgeries
260 ## - PUBLICATION, DISTRIBUTION, ETC. (IMPRINT)
Place of publication, distribution, etc. Berlin
Name of publisher, distributor, etc. INFLA-Berlin Verein der Deutschlandsammler e.V.
Date of publication, distribution, etc. 1960
650 ## - TOPICAL TERM (Tag)
Topical term or geographic name Danzig (1920-1939) | Overprints and Surcharges | 1920 Germany | Production | Errors and Varieties Printing | Forgeries and Counterfeits | Inflation Period | Inflation Issues
Holdings
Withdrawn status Lost status Source of classification or shelving scheme Damaged status Koha normalized classification for sorting Not for loan Permanent Location Current Location Date acquired Total Checkouts Full call number Barcode Date last seen Price effective from Shelving location Copy number Public note
        G6081 I43 I43   Northern Philatelic Library Northern Philatelic Library 04/18/2016   G6081 I43 I43 1002217 04/18/2016 04/18/2016      
        G6081 I43 I43   Northern Philatelic Library Northern Philatelic Library 01/17/2022   G6081 I43 I43 1005735 01/17/2022 01/17/2022 General Stacks 2 Various article on Danzig forgeries (incl. Schuler)

Powered by Koha